Capital Cities on Rivers - Choice - Statistics

General Stats
  • This quiz has been taken 20 times
  • The average score is 19 of 25
Answer Stats
Question Tile Select % Correct
capital located on rivers London Yes
100%
capital located on rivers Budapest Yes
95%
capital located on rivers Cairo Yes
95%
capital located on rivers Paris Yes
95%
capital located on rivers Asmara No
90%
capital located on rivers Vienna Yes
90%
capital located on rivers Prague Yes
85%
capital located on rivers Riyadh No
85%
capital located on rivers Windhoek No
85%
capital located on rivers Washington Yes
80%
capital located on rivers Abuja No
75%
capital located on rivers Baghdad Yes
75%
capital located on rivers Islamabad No
75%
capital located on rivers Mexico City No
75%
capital located on rivers Rome Yes
75%
capital located on rivers Addis Ababa No
70%
capital located on rivers Berlin Yes
70%
capital located on rivers Moscow Yes
70%
capital located on rivers Nairobi No
65%
capital located on rivers Sofia No
65%
capital located on rivers Warsaw Yes
65%
capital located on rivers Brasilia No
60%
capital located on rivers Bangkok Yes
55%
capital located on rivers Madrid No
55%
capital located on rivers Seoul Yes
45%
No matching quizzes found
Score Distribution
Percent of People with Each Score
Percentile by Number Answered
Your Score History
You have not taken this quiz